00522nam a2200145 a 4500008004100000020001800041050001400059100001900073245008700092260004900179300003500228490005900263650002600322650002800348200723s2017 ||||||||||||||||| || u a9781107630567 aBL 53 Wat aWatts, Fraser 10aPsychology, religion and spirituality : concepts and applicationscBy Fraser Watts aCambridge bCambridge University Pressc2017 axi, 211 pages : illustrations  aCambridge studies in religion, philosophy, and society aPSYCHOLOGY, RELIGIONS aPSYCHOLOGY AND RELIGION